Beer Logos Quiz Stats

 Plays Quiz Updated Jul 13, 2018

Score 0/25 Timer 06:00
5 Plays Today
Number Beer % Correct
5Budweiser
97.9%
20Foster's
87.2%
11Heineken
80.3%
7Guinness
77.5%
29Samuel Adams
75.3%
Dos Equis
68.9%
18Pabst Blue Ribbon
67.4%
Blue Moon
63.7%
8Red Stripe
62.3%
13Miller High Life
60.1%
23Stella Artois
58.4%
26Corona
57.3%
1Newcastle Brown Ale
53.1%
Number Beer % Correct
21Rolling Rock
48.5%
12Landshark Lager
48.5%
4Sierra Nevada
39.7%
27Fat Tire
37%
9St. Pauli Girl
35.4%
30Dogfish Head
34.5%
24Tecate
32.2%
6Yuengling
26.2%
22Goose Island
24.3%
14Bass Ale
21.6%
3Beck's
21.4%
16Boddington's
20.1%

You're not logged in!

Compare scores with friends on all Sporcle quizzes.
OR
Log In

Sporcle TV

Today on Sporcle TV


Watch our educational content, quiz creation guides, and fun videos on Sporcle TV.

Show Comments

Extras

Top Quizzes Today


Score Distribution

Your Account Isn't Verified!

In order to create a playlist on Sporcle, you need to verify the email address you used during registration. Go to your Sporcle Settings to finish the process.

Report this User

Report this user for behavior that violates our Community Guidelines.

Details: